000 00883cam a2200277 a 4500
001 2842
005 20251209115552.0
020 _a9780531266458
040 _aDLC
_cDLC
_dDLC
_beng
050 0 0 _aQC755.B79
_b 2012
082 0 0 _a538.4078
100 1 _aBryan, Dale-Marie
_d1953-
245 1 0 _aExperiments with magnets /
_cDale Marie Bryan.
250 _aPrinted in China 62
260 _aNew York :
_bScholastic ;
_c2012.
300 _a48 pages :
_bcolor illustrations ;
_c22 cm.
490 0 _aA true book
505 _aQ
520 _aExplores the properties of magnets through experiments using readily available equipment.
521 _a690
_bLexile
521 _aQ
_bRaz-Plus
650 0 _aMagnetism
_xExperiments
_vJuvenile literature.
650 0 _aMagnets
_vJuvenile literature.
906 _a7
_bcbc
_corignew
_d1
_eecip
_f20
_gy-gencatlg
942 _2ddc
_cBK
_n0
999 _c2842
_d2842